A modern course on the theory of equations /
Guardado en:
| Autor Principal: | |
|---|---|
| Otros Autores: | |
| Formato: | Libro |
| Idioma: | English |
| Publicado: |
Washington, N.J. :
Polygonal Pub. House,
[1992], c1980.
|
| Edición: | 2nd ed. |
| Materias: | |
| Etiquetas: |
Agregar Etiqueta
Sin Etiquetas, Sea el primero en etiquetar este registro!
|
| LEADER | 01164cam a2200241 a 4500 | ||
|---|---|---|---|
| 001 | MAT.inmabb003378 | ||
| 008 | 920211t19921980njua#####b####001#0#eng## | ||
| 005 | 20130226180826.0 | ||
| 245 | 1 | 2 | |a A modern course on the theory of equations / |c David Dobbs and Robert Hanks ; with an appendix on microcomputer programming by Michael Weinstein. |
| 250 | |a 2nd ed. | ||
| 260 | |a Washington, N.J. : |b Polygonal Pub. House, |c [1992], c1980. | ||
| 300 | |a ix, 253 p. : |b il. ; |c 25 cm. | ||
| 504 | |a Incluye referencias bibliográficas (p. 206-209) e índice. | ||
| 510 | 4 | |a MR, |c 93b:12001 | |
| 505 | 8 | |a Capítulos: 1. Fields and polynomials -- 2. The roots of the matter or the matter of roots -- 3. Cubics, quartics, and beyond -- 4. Polynomials over the rational numbers -- 5. Polynomials over the real numbers -- 6. Numerical approximation of roots: some techniques and their implementation with hand-held calculators. | |
| 020 | |a 0936428147 | ||
| 100 | 1 | |a Dobbs, David E. | |
| 700 | 1 | |a Hanks, Robert. | |
| 650 | 0 | |a Equations, Theory of. | |
| 084 | |a 12-01 (26Cxx 65Dxx) |2 msc2000 | ||
| 010 | |a 92007178 | ||
| 040 | |a DLC |c DLC |d DLC | ||
| 859 | |h 12 |i D632 |p A-6829 |b BIB. MATEMATICA | ||
